000 00988cam a2200253 4500
001 ABS64806
008 011203n2001 000 0 eng u
035 _a(Sirsi) u115821
100 _aTinworth, A.
245 _aGo down to the shops in a click
260 _c2001
490 _aEstates Gazette
_v(0145) 10 November 2001, 126-127(2)
520 _aAn overview of the web site Shopproperty.co.uk, which combines Goad maps, rapid searching and support from major property groups including Land Securities, Legal & General to retailers Arcadia and Littlewoods. Shopproperty's main function is to put property particulars online for 24 hour access.
590 _aABS
650 _aPROPERTY DETAILS
650 _aMARKETING
650 _aPROPERTY-COMMERCIAL PROPERTY-RETAIL PROPERTY-RETAIL PROPERTY MARKET
650 _aBUYERS
650 _aSELLERS
650 _aOCCUPIERS
650 _aPROPERTY-COMMERCIAL PROPERTY
690 _aINFORMATION TECHNOLOGY-INTERNET
942 _n0
999 _c68991
_d68991